000 03097nam a2201165 c 4500
003 PE-LiUPU
005 20250813185709.0
008 160707s2016 sp | |||| 000 0 spa
015 _aMON16
020 _a9788430969029
040 _aSpMaBN
_bspa
_cPE-LiUPU
_erdc
_dPE-LiUPU
080 _a340.12(091)
082 _21 BNP
_a341
_bC764f
100 1 _aContreras Peláez, Francisco J.
_d1964-
_0XX819452
_eautor.
240 1 3 _aLa filosofía del derecho en la historia
245 1 3 _aLa filosofía del derecho en la historia /
_cFrancisco José Contreras.
250 _aSegunda edición.
264 _aMadrid :
_bTecnos,
_c2016.
300 _a362 páginas :
_c24 centímetros.
336 _aTexto (visual)
_2isbdcontent
337 _asin mediación
_2isbdmedia
504 _aIncluye referencias bibliográficas
505 _aAristóteles -- Santo Tomás de Aquino -- La escolástica franciscana: Duns Escoto y Guillermo de Ockham -- Los escolásticos españoles y el nuevo mundo -- El siglo XVII inglés: Coke, Milton, Hobbes, Locke -- Pensamiento de la revolución americana: Jefferson, Paine, Federalist papers,m Lincoln -- Savigni y la Escuela histórica del derecho -- Marx -- La filosofía del derecho neokantiana: Stammler. Radbruch, Del Vecchio -- Positivismo jurídico: Kelsen -- Notas sobre la teoría de Justicia de Rawls -- El debate sobre la superación del positivismo jurídico: Hart, Dworkin.
526 _aP202
526 _aP201
526 _aP163
526 _aP162
526 _aP161
526 _aP160
526 _aP148
526 _aP147
526 _aP146
526 _aP145
526 _aP144
526 _aP143
526 _aP142
526 _aP141
526 _aP140
526 _aP139
526 _aP138
526 _aP137
526 _aP136
526 _aP135
526 _aP134
526 _aP133
526 _aP129
526 _aP128
526 _aP127
526 _aP120
526 _aP119
526 _aP118
526 _aP116
526 _aP115
526 _aP114
526 _aP110
526 _aP109
526 _aP108
526 _aP104
526 _aP103
526 _aP102
526 _aP99
526 _aP98
526 _aP97
526 _aP96
526 _aP95
526 _aP93
526 _aP90
526 _aP89
526 _aP88
526 _aP83
526 _aP82
526 _aP62
526 _aP59
526 _aP58
526 _aP57
526 _aP51
526 _aP49
526 _aP48
526 _aP47
526 _aP29
526 _aP24
526 _aP20
526 _aP19
526 _aP17
526 _aP15
526 _aP14
526 _aP12
526 _aP10
526 _aP09
526 _aP08
526 _aP07
526 _aP06
526 _aP05
526 _aP04
526 _aP01
650 1 7 _aDerecho
_xFilosofía
_vHistoria
_2embne
942 _2ddc
_cBK
_n0
956 _a2
999 _c62481
_d62480
980 _618226
_aJaime Vilcazán Jefe de Análisis Documental
_81
_gALBERTO SANCHEZ Responsable de Automatización